El verdugo de Sevilla / (Record no. 140751)

MARC details
000 -LEADER
campo de control de longitud fija 00967nam a2200265 i 4500
001 - NÚMERO DE CONTROL
campo de control 140751
003 - IDENTIFICADOR DE NÚMERO DE CONTROL
campo de control ES-MaACL
005 - FECHA Y HORA DE LA ÚLTIMA TRANSACCIÓN
campo de control 20251115063308.0
007 - CAMPO FIJO DE DESCRIPCIÓN FÍSICA--INFORMACIÓN GENERAL
campo de control de longitud fija t|
008 - DATOS DE LONGITUD FIJA--INFORMACIÓN GENERAL
campo de control de longitud fija 070917s1998 sp ||||1| spa d
020 ## - NÚMERO INTERNACIONAL ESTÁNDAR DEL LIBRO
Número Internacional Estándar del Libro 84-7030-518-2
080 ## - NÚMERO DE LA CLASIFICACIÓN DECIMAL UNIVERSAL
Número de la Clasificación Decimal Universal 821.134.2
100 1# - ENTRADA PRINCIPAL--NOMBRE DE PERSONA
Nombre de persona Muñoz Seca, Pedro,
Fechas asociadas al nombre 1881-1936
9 (RLIN) 84499
245 13 - MENCIÓN DEL TÍTULO
Título El verdugo de Sevilla /
Mención de responsabilidad, etc. Pedro Muñoz Seca ; Enrique García Álvarez ; introducción Andrés Amorós ; orientaciones para el montaje José Luis Alonso de Santos.
260 ## - PUBLICACIÓN, DISTRIBUCIÓN, ETC.
Lugar de publicación, distribución, etc. Madrid :
Nombre del editor, distribuidor, etc. Biblioteca Nueva,
Fecha de publicación, distribución, etc. [1998]
300 ## - DESCRIPCIÓN FÍSICA
Extensión 126 p. ;
Dimensiones 18 cm.
490 1# - MENCIÓN DE SERIE
Mención de serie Colección !arriba el telón! ;
Designación de volumen o secuencia 1
500 ## - NOTA GENERAL
Nota general Biblioteca Jacinto Martínez Lacalle.
700 1# - ENTRADA AGREGADA--NOMBRE PERSONAL
Nombre de persona García Alvarez, Enrique.
9 (RLIN) 185668
700 1# - ENTRADA AGREGADA--NOMBRE PERSONAL
Nombre de persona Amorós, Andrés.
9 (RLIN) 21309
700 1# - ENTRADA AGREGADA--NOMBRE PERSONAL
Nombre de persona Alonso de Santos, José Luis,
Fechas asociadas al nombre 1942-
9 (RLIN) 20291
830 0# - PUNTO DE ACCESO ADICIONAL DE SERIE-TÍTULO UNIFORME
Título uniforme Colección !arriba el telón! ;
Designación de volumen o secuencia 1
9 (RLIN) 233401
852 ## - LOCALIZACIÓN
Ubicación ES-MaACL
Número de control de estantería E-12140
Holdings
Estatus retirado Estado de pérdida Estado de daño No para préstamo Biblioteca de origen Biblioteca actual Ubicación en estantería Fecha de adquisición Fuente de adquisición Total de préstamos Signatura topográfica completa Código de barras Visto por última vez Precio de reemplazo Tipo de ítem Koha
        Biblioteca del Ateneo de Madrid Biblioteca del Ateneo de Madrid Depósito 2 17/01/2008     E-12140 1146465 23/02/2023 23/02/2023 Libro impreso